01235 a2200229 45000010006000000050017000060080041000230030015000640400040000790800031001192450029001500200018001792640041001973000019002385050594002570410008008511000036008597000031008957000029009267000025009557000025009804431220260407155721.0260407a1997 arg spa dAR-UNSa-BCEJYS aAR-UNSa-BCEJYSbspacAR-UNSa-BCEJYS a330xEconomía en general10aPrincipios de Economía a987-9094-34-4 1aCórdoba :bEdiciones Eudecorc1997 a463 p.c26 cm. a1. La economía como conocimiento científico - 2. Presentación histórica del pensamiento y análisis económico - 3. Escasez y restricción tecnológica en la producción. Modelo de dos sectores - 4. Decisiones de gasto de las familias La demanda de bienes de consumo - 5. Las decisiones de producción Oferta de bienes de los productores - 6. El mercado - 7. La medición de la actividad económica - 8. El uso de índices de precios - 9. El equilibrio en el mercado del producto - 10. El sector monetario - 11. Ampliaciones del modelo básico - 12. El sector externo.- aspa1 aRecalde de Bernardi, María L.1 aDiaz Cafferata, Alberto M.1 aFigueras, Alberto José1 aFrediani, Ramón O.1 aSwoboda, Carlos Juan